000 00499nam a2200181Ia 4500
008 240729s9999 xx 000 0 und d
022 _a1471-2466
245 0 _aBMC Pulmonary Medicine
260 _aUnited Kingdom
260 _bBMC
650 _a Diseases of the respiratory system
650 _a Internal medicine
650 _a Specialties of internal medicine
650 _aMedicine
856 _uhttps://doaj.org/toc/be325015ecc84438a742fb74a1cd0143
942 _2ddc
942 _cDOAJEJ
999 _c74221
_d74221
945 _a1
_bMadushi Gamage
_c1
_dMadushi Gamage